00590nam a2200193 a 450000100100000000500170001000800410002702000150006804000250008308200180010810000220012624500560014826000450020430000310024950000510028050400270033165000250035865000130038300000473820200929151508.0090725s2005 dr c 000 0 spa d a9945000349 aDO-SdBNPbspacBNPHU a745.61bP438L1 aPérez, Faustino10aLetreros populares dominicanos /cFaustino Pérez. aSanto Domingo :bAmigo del Hogar,c2005. a183 p. :bretrs. ;c24 cm. aIncluye datos biográficos del autor (p. 183) aBibliografía : p. 18 4aCarteles dominicanos 4aLetreros